Epaulets of La Grande Armee - Statistics

General Stats
  • This quiz has been taken 16 times
  • The average score is 18 of 25
Answer Stats
Unit Type Epaulet Color % Correct
Jeune-Voltiguiers Green/Green
91%
Voltiguiers a'Pied (Ligne) Green/Green
91%
Chasseurs a'Pied (Guard) Red/Green
91%
Moyenne Fusliers-Chasseurs (Guard) Red/Green
91%
Grenadiers a'Pied (Guard) Red/Red
91%
Jeune Tirailleurs-Chasseurs Red/Green
82%
Grenadiers a'Pied (Ligne) Red/Red
82%
Carabiners a'Pied (Legere) Red/Red
82%
Moyenne Fusiliers-Grenadiers (Guard) White/Red
82%
Jeune Tirailleurs-Grenadiers Red/Red
73%
Sapeur (Infanterie) Red/Red
73%
Chevau-Legere d'Elite Red/Red
73%
Dragoon a'Cheval d'Elite Red/Red
73%
Cuirassier Red/Red
73%
Carabiner a'Cheval Red/Red
73%
Officer d'Garde-Vieille Gold/Gold
64%
Officer d'Garde-Moyenne Gold/Gold
64%
Officer d'Garde-Jeune Gold/Gold
64%
Officer d'Ligne Gold/Gold
64%
Chevau-Legere Officer Gold/Gold
64%
Dragoon a'Cheval Officer Gold/Gold
64%
Cuirassier Officer Gold/Gold
64%
Officer d'Legere Silver/Silver
64%
Carabiner a'Cheval Officer Silver/Silver
64%
Voltiguiers a'Pied (Legere) Yellow/Yellow
55%
No matching quizzes found
Score Distribution
Percent of People with Each Score
Percentile by Number Answered
Your Score History
You have not taken this quiz